000 00527nam a2200181 4500
001 121765
003 ES-MaACL
005 20230906191823.0
007 t|
008 070214s1971 sp r ||||1| spa d
100 1 _aPlebe, Armando.
_992641
245 1 0 _aQué es verdaderamente la Ilustración /
_cArmando Plebe ; traducción por Dolores Fonseca.
250 _a1ª ed.
260 _aMadrid :
_bDoncel,
_c1971.
300 _a165 p. ;
_c18 cm.
700 1 _aFonseca, Dolores.
_951518
852 _aES-MaACL
_jC-40350
_bR.78206
999 _c121765
_d121765